Bulletin de littérature hégélienne XXIII (2013) (notice n° 1594871)
[ vue normale ]
| 000 -LEADER | |
|---|---|
| fixed length control field | 02086cam a2200169 4500500 |
| 005 - DATE AND TIME OF LATEST TRANSACTION | |
| control field | 20251228073136.0 |
| 041 ## - LANGUAGE CODE | |
| Language code of text/sound track or separate title | fre |
| 042 ## - AUTHENTICATION CODE | |
| Authentication code | dc |
| 100 10 - MAIN ENTRY--PERSONAL NAME | |
| Personal name | Devillairs, Laurence |
| Relator term | author |
| 245 00 - TITLE STATEMENT | |
| Title | Bulletin de littérature hégélienne XXIII (2013) |
| 260 ## - PUBLICATION, DISTRIBUTION, ETC. | |
| Date of publication, distribution, etc. | 2013.<br/> |
| 500 ## - GENERAL NOTE | |
| General note | 44 |
| 520 ## - SUMMARY, ETC. | |
| Summary, etc. | Selon la philosophie moderne la pensée est une production de la subjectivité, la volonté est une auto-détermination et le temps est une auto-affection. Kierkegaard offre une autre compréhension de la vie volontaire en envisageant une volonté brisée par le prochain, par le temps et par Dieu. La patience n’est pas pour Kierkegaard un accident de notre caractère, mais la condition pour devenir une personne. Cela suppose de laisser de côté toute compréhension purement psychologique de la patience. La vraie persévérance s’oppose totalement à l’obsession de se blinder par rapport au monde. Entre l’endurance stoïcienne et la patience chrétienne comme patience dans l’espérance il n’y a pas d’essence commune. Kierkegaard montre que la patience de l’amour est une passivité qui est la voie du salut. |
| 520 ## - SUMMARY, ETC. | |
| Summary, etc. | Ann and the Patience to Be OneselfFor modern philosophy meaning is a product of subjectivity, will is a self-determination, and time is a self-affection. Kierkegaard gives us another meaning for a voluntary life by considering desire that is broken by the will of another man, time and God. Patience is not for Kierkegaard an accident of character but is the condition to becoming a person. It is necessary to ignore a purely psychological understanding of patience. True perseverance is radically opposed to an obsessive existence blinded to the world. Between the stoic conception of endurance and Christian patience there is no common essence. For Kierkegaard, the patience of love is a form of passivity that can save Mankind. |
| 786 0# - DATA SOURCE ENTRY | |
| Note | Archives de philosophie | 76 | 4 | 2013-10-28 | p. 691-724 | 0003-9632 |
| 856 41 - ELECTRONIC LOCATION AND ACCESS | |
| Uniform Resource Identifier | <a href="https://shs.cairn.info/revue-archives-de-philosophie-2013-4-page-691?lang=fr&redirect-ssocas=7080">https://shs.cairn.info/revue-archives-de-philosophie-2013-4-page-691?lang=fr&redirect-ssocas=7080</a> |
Pas d'exemplaire disponible.




Réseaux sociaux